000 01252cam a2200253 i 4500
003 SA-RiAUC
005 20251130143605.0
008 251127s1967 su g i10000 ara c
040 _aJO-MaAABU
_bara
_cSA-RiAUC
_erda
050 4 _b.R33 1967
082 0 4 _a252.5
_qSA-RiAUC
090 _a252.5
_bر ا ب
110 2 _aرابطة العالم الإسلامي (مكة المكرمة).
_bندوة الحج
_d(1386 هـ. :
_cمكة المكرمة)
245 1 0 _aندوة المحاضرات :
_bموسم حج 1386 هـ. من 21-ذي القعدة 1386 هـ. الموافق 2 / 3 / 1967 م. إلى 24 ذي الحجة 1386 هـ. الموافق 4 / 4 / 1967 م /
_cرابطة العالم الإسلامي.
264 1 _aمكة المكرمة :
_bرابطة العالم الإسلامي،
_c1967
300 _a343 صفحة ؛
_c24 سم
336 _aنص
_btxt
_2rdacontent
_3كتاب
337 _aبدون وسيط
_bn
_2rdamedia
338 _aمجلد
_bnc
_2rdacarrier
500 _aورد على صفحة العنوان والغلاف : هدية من مجلة رابطة العالم الإسلامي.
650 7 _aالحج (فقه إسلامي)
_vمؤتمرات
_2aucsh
942 _2ddc
_cBOOK
_n0
949 _aSA-JeALM
_d251127
_umohamedma123
_n1
999 _c13417
_d13417